| 000 | 00788nam a2200205 a 4500 | ||
|---|---|---|---|
| 001 | 000016313 | ||
| 005 | 20200929164351.0 | ||
| 008 | 100303s1942 dr a 001 0 spa d | ||
| 040 |
_aDO-SdBNP _bspa _cBNPHU |
||
| 082 |
_axxxx _bV752t |
||
| 100 | 1 |
_aVilliers, H. _936411 |
|
| 245 | 1 | 0 |
_aTratado práctico de medicina veterinaria / _cH. Villiers, A. Larbalétrier ; tradución Emilio Prieto y Villarreal. |
| 246 | 1 | 4 |
_aMedicina veterinaria : _btratado práctico |
| 260 |
_aSantiago de los Caballeros, República Dominicana : _bEl Diario, _c1942. |
||
| 300 |
_a489 p. : _bil., retrs. ; _c21 cm. |
||
| 500 | _aIncluye referencias bibliográficas y notas al pie de las págianas | ||
| 700 | 1 |
_aLarbalétrier, A. _936412 |
|
| 700 | 1 |
_aPrieto y Villarreal , Emilio _etr. _936413 |
|
| 049 | _aBNPD | ||
| 999 |
_c15848 _d15848 |
||